MyGZULibrary

Organizational behavior / (Record no. 2243)

MARC details
000 -LEADER
fixed length control field 01248cam a2200337 a 4500
001 - CONTROL NUMBER
control field 16572198
003 - CONTROL NUMBER IDENTIFIER
control field GZU
005 - DATE AND TIME OF LATEST TRANSACTION
control field 20201028110817.0
008 - FIXED-LENGTH DATA ELEMENTS--GENERAL INFORMATION
fixed length control field 101208s2010 njua b 001 0 eng
010 ## - LIBRARY OF CONGRESS CONTROL NUMBER
LC control number 2010485902
020 ## - INTERNATIONAL STANDARD BOOK NUMBER
International Standard Book Number 0471332879
020 ## - INTERNATIONAL STANDARD BOOK NUMBER
International Standard Book Number 9780470086964
040 ## - CATALOGING SOURCE
Original cataloging agency DLC
Transcribing agency DLC
Modifying agency DLC
042 ## - AUTHENTICATION CODE
Authentication code pcc
050 00 - LIBRARY OF CONGRESS CALL NUMBER
Classification number HD 58.7
Item number .SCH 2000
082 00 - DEWEY DECIMAL CLASSIFICATION NUMBER
Classification number 302.3/5
Edition number 22
245 00 - TITLE STATEMENT
Title Organizational behavior /
Statement of responsibility, etc. John R. Schermerhorn, Jr. ... [et al.].
250 ## - EDITION STATEMENT
Edition statement 7th ed.
260 ## - PUBLICATION, DISTRIBUTION, ETC.
Place of publication, distribution, etc. Hoboken, NJ :
Name of publisher, distributor, etc. Wiley,
Date of publication, distribution, etc. c2000.
300 ## - PHYSICAL DESCRIPTION
Extent 1 v. (various pagings) :
Other physical details ill. (chiefly col.) ;
Dimensions 27 cm.
504 ## - BIBLIOGRAPHY, ETC. NOTE
Bibliography, etc. note Includes bibliographical references and indexes.
650 #0 - SUBJECT ADDED ENTRY--TOPICAL TERM
Topical term or geographic name entry element Organizational behavior.
650 #0 - SUBJECT ADDED ENTRY--TOPICAL TERM
Topical term or geographic name entry element Management.
700 1# - ADDED ENTRY--PERSONAL NAME
Personal name Schermerhorn, John R.
856 42 - ELECTRONIC LOCATION AND ACCESS
Materials specified Contributor biographical information
Uniform Resource Identifier <a href="http://www.loc.gov/catdir/enhancements/fy1106/2010485902-b.html">http://www.loc.gov/catdir/enhancements/fy1106/2010485902-b.html</a>
856 42 - ELECTRONIC LOCATION AND ACCESS
Materials specified Publisher description
Uniform Resource Identifier <a href="http://www.loc.gov/catdir/enhancements/fy1106/2010485902-d.html">http://www.loc.gov/catdir/enhancements/fy1106/2010485902-d.html</a>
856 41 - ELECTRONIC LOCATION AND ACCESS
Materials specified Table of contents only
Uniform Resource Identifier <a href="http://www.loc.gov/catdir/enhancements/fy1106/2010485902-t.html">http://www.loc.gov/catdir/enhancements/fy1106/2010485902-t.html</a>
906 ## - LOCAL DATA ELEMENT F, LDF (RLIN)
a 7
b cbc
c orignew
d 2
e ncip
f 20
g y-gencatlg
942 ## - ADDED ENTRY ELEMENTS (KOHA)
Source of classification or shelving scheme Library of Congress Classification
Koha item type Books
Edition 7 th ed.
Classification part 58.7
Item part SCH
Call number prefix HD
Holdings
Withdrawn status Lost status Damaged status Not for loan Collection code Home library Current library Shelving location Date acquired Total Checkouts Full call number Barcode Date last seen Date last checked out Copy number Price effective from Koha item type
        Non-fiction City Campus Library Law Library General Stacks 10/28/2020 1 HD 58.7 SCH 2000 B017783 11/25/2021 11/20/2021 c.1 10/28/2020 Books